000 00570nam a22001817a 4500
005 20231214084544.0
008 231214b |||||||| |||| 00| 0 eng d
020 _a9780409023183 ; 978040911060
041 _aEnglish
082 _a342.9 BOL
100 _aBolton, P
_lEnglish
245 _aThe Law of Government Procurement in South Africa /
_cP Bolton
250 _aFirst Edition
260 _aDurban :
_bLexisNexis (Pty) Ltd,
_c2007
300 _bxxiv, 528 pages ;
_c25 cm.
650 _aLegal practice
_bLaw
942 _cBK
_6ALISON_BN_VRIES
999 _c1201
_d1201